[Event "2. Bundesliga West 2009/20010"]
[Site "Kufstein"]
[Date "2009.11.29"]
[Round "6"]
[Board "5"]
[White "Jedinger, Andreas"]
[Black "Sandholzer, Robert"]
[Result "1-0"]
[WhiteElo "2170"]
[BlackElo "2104"]
[PlyCount "93"]
[EventDate "2009.10.23"]
[EventType "team"]
[EventRounds "11"]
[EventCountry "AUT"]
[WhiteTeam "Rochade Rum"]
[BlackTeam "Hohenems II"]

1.e4 c6 2.d4 d5 3.e5 Bf5 4.Nd2 e6 5.Nb3 Nd7 6.Nf3 Ne7 7.Be2 c5 8.Nxc5 Nxc5
9.dxc5 Qa5+ 10.c3 Qxc5 11.Qa4+ Nc6 12.Be3 Qa5 13.Qxa5 Nxa5 14.Nd4 Nc6 15.Nxf5
exf5 16.O-O-O Rd8 17.Bf3 Nxe5 18.Bxd5 Bd6 19.Bxb7 O-O 20.Bd5 Rd7 21.h3 Rfd8
22.Bb3 f4 23.Bd4 Bb8 24.Rhe1 Ng6 25.Bc5 Ne5 26.Rxd7 Rxd7 27.Kc2 Rd8 28.Rd1 Rxd1
29.Kxd1 Nd3 30.Bd4 Kf8 31.Kd2 Ne5 32.Bd5 Ke7 33.b4 f6 34.c4 g5 35.Kc3 h5 36.Bc5+
Kd7 37.b5 f5 38.a4 g4 39.f3 h4 40.a5 Ng6 41.Bxa7 Bxa7 42.b6 Bxb6 43.axb6 Nf8
44.Kd4 Nh7 45.fxg4 fxg4 46.hxg4 Nf6 47.Bf3

[Event "2. Bundesliga West 2009/20010"]
[Site "Kufstein"]
[Date "2009.11.29"]
[Round "6"]
[Board "6"]
[White "Levy, Pascal"]
[Black "Muehlbacher, Bernhard"]
[Result "0-1"]
[WhiteElo "2071"]
[BlackElo "2156"]
[PlyCount "66"]
[EventDate "2009.10.23"]
[EventType "team"]
[EventRounds "11"]
[EventCountry "AUT"]
[WhiteTeam "Hohenems II"]
[BlackTeam "Rochade Rum"]

1.d4 f5 2.c4 Nf6 3.Nc3 g6 4.Nf3 Bg7 5.e3 d6 6.b4 O-O 7.Qb3 c6 8.d5 cxd5 9.cxd5
Nbd7 10.Nd4 Nb6 11.Bb2 f4 12.e4 Ng4 13.Nce2 a5 14.Rc1 a4 15.Qc2 Ne5 16.Nf3 Nbc4
17.Nxe5 Nxb2 18.Nf3 a3 19.Qd2 Qb6 20.Nxf4 Bh6 21.g3 g5 22.Rg1 gxf4 23.gxf4+ Kf7
24.Ng5+ Ke8 25.Nxh7 Bxf4 26.Qxf4 Rxf4 27.Rg8+ Kf7 28.Rf8+ Kg7 29.Rxf4 Qxb4+
30.Ke2 Nc4 31.Kf3 Ne5+ 32.Kg2 Kxh7 33.Rc7 Ng6

[Event "2. Bundesliga West 2009/20010"]
[Site "Kufstein"]
[Date "2009.11.29"]
[Round "6"]
[Board "1"]
[White "Krstic, Uros"]
[Black "Weindl, Alfred"]
[Result "1-0"]
[WhiteElo "2377"]
[BlackElo "2353"]
[PlyCount "45"]
[EventDate "2009.10.23"]
[EventType "team"]
[EventRounds "11"]
[EventCountry "AUT"]
[WhiteTeam "Sparkasse Schwarzach"]
[BlackTeam "Bregenz"]

1.e4 c5 2.Nf3 Nc6 3.d4 cxd4 4.Nxd4 Nf6 5.Nc3 d6 6.h3 g6 7.Be3 Bg7 8.Bc4 O-O
9.Bb3 Nxd4 10.Bxd4 Bd7 11.O-O Bc6 12.Qd3 e6 13.Rad1 b5 14.Nxb5 Bxe4 15.Qe3 Bb7
16.Bxf6 Qxf6 17.Nxd6 Rfb8 18.Rd3 Bc6 19.Rfd1 Bf8 20.a4 Rd8 21.a5 a6 22.Qb6 Bb5
23.Ne4

[Event "2. Bundesliga West 2009/20010"]
[Site "Kufstein"]
[Date "2009.11.29"]
[Round "6"]
[Board "2"]
[White "Hommeles, Theo"]
[Black "Danner, Georg"]
[Result "1/2-1/2"]
[WhiteElo "2412"]
[BlackElo "2450"]
[PlyCount "55"]
[EventDate "2009.10.23"]
[EventType "team"]
[EventRounds "11"]
[EventCountry "AUT"]
[WhiteTeam "Bregenz"]
[BlackTeam "Sparkasse Schwarzach"]

1.e4 c5 2.Nf3 Nc6 3.d4 cxd4 4.Nxd4 Nf6 5.Nc3 d6 6.Bg5 e6 7.Qd2 a6 8.O-O-O h6
9.Nxc6 bxc6 10.Bf4 d5 11.Qe3 Be7 12.Be2 Nd7 13.h4 O-O 14.Bxh6 gxh6 15.exd5 exd5
16.Qxh6 Ne5 17.Rd3 Nxd3+ 18.Bxd3 f5 19.Qg6+ Kh8 20.Qh6+ Kg8 21.Qg6+ Kh8 22.Qxc6
Ra7 23.Qh6+ Kg8 24.Qg6+ Kh8 25.Qh6+ Kg8 26.Qg6+ Kh8 27.Qh6+ Kg8 28.Qg6+

[Event "2. Bundesliga West 2009/20010"]
[Site "Kufstein"]
[Date "2009.11.29"]
[Round "6"]
[Board "3"]
[White "Hecht, Hans-Joachim"]
[Black "Poettinger, Harald"]
[Result "1/2-1/2"]
[WhiteElo "2381"]
[BlackElo "2196"]
[PlyCount "51"]
[EventDate "2009.10.23"]
[EventType "team"]
[EventRounds "11"]
[EventCountry "AUT"]
[WhiteTeam "Sparkasse Schwarzach"]
[BlackTeam "Bregenz"]

1.d4 d6 2.Nf3 g6 3.e4 Bg7 4.Bc4 Nf6 5.Qe2 d5 6.exd5 Nxd5 7.O-O c6 8.Re1 e6
9.Nbd2 O-O 10.Bb3 b5 11.c4 bxc4 12.Nxc4 Ba6 13.Bg5 Qc7 14.Rac1 Nd7 15.Qd2 Rac8
16.Nce5 Nxe5 17.dxe5 Qb6 18.Re4 Rfe8 19.Rh4 Bb7 20.Bh6 Bh8 21.Re1 c5 22.Bg5 Bg7
23.Bh6 Bh8 24.Bg5 Bg7 25.Bh6 Bh8 26.Bg5

[Event "2. Bundesliga West 2009/20010"]
[Site "Kufstein"]
[Date "2009.11.29"]
[Round "6"]
[Board "4"]
[White "Hugentobler, Patrick"]
[Black "Hrvacic, Pavle"]
[Result "1/2-1/2"]
[WhiteElo "2253"]
[BlackElo "2304"]
[PlyCount "98"]
[EventDate "2009.10.23"]
[EventType "team"]
[EventRounds "11"]
[EventCountry "AUT"]
[WhiteTeam "Bregenz"]
[BlackTeam "Sparkasse Schwarzach"]

1.e4 d6 2.d4 Nf6 3.Nc3 e5 4.dxe5 dxe5 5.Qxd8+ Kxd8 6.Bc4 Ke8 7.Nf3 Bd6 8.O-O Bg4
9.Re1 Bxf3 10.gxf3 a6 11.Nd5 Nxd5 12.Bxd5 c6 13.Bc4 Bc5 14.Be3 Bxe3 15.Rxe3 b5
16.Bf1 Ke7 17.a4 b4 18.c3 c5 19.cxb4 cxb4 20.Rc1 Ra7 21.Rd3 Rd8 22.Rc5 f6 23.Kg2
Rb7 24.b3 Rd6 25.Kg3 Rc6 26.Rdd5 Rbc7 27.Rxc6 Rxc6 28.Bc4 Nd7 29.a5 Nc5 30.Rd1
Rd6 31.Rd5 Nb7 32.f4 Rxd5 33.Bxd5 Nc5 34.fxe5 fxe5 35.f4 Kd6 36.Kf3 g6 37.Bg8
Nb7 38.Bxh7 Nxa5 39.Bg8 Nc6 40.h4 Ke7 41.fxe5 Nxe5+ 42.Kf4 Kf6 43.Bd5 a5 44.Ke3
Ke7 45.Kf4 Kf6 46.Bg8 Nd7 47.Kg4 Ne5+ 48.Kf4 Nd3+ 49.Kg4 Ne5+

[Event "2. Bundesliga West 2009/20010"]
[Site "Kufstein"]
[Date "2009.11.29"]
[Round "6"]
[Board "5"]
[White "Ljubic, Juro"]
[Black "Juen, Leopold"]
[Result "1-0"]
[WhiteElo "2237"]
[BlackElo "1991"]
[PlyCount "83"]
[EventDate "2009.10.23"]
[EventType "team"]
[EventRounds "11"]
[EventCountry "AUT"]
[WhiteTeam "Sparkasse Schwarzach"]
[BlackTeam "Bregenz"]

1.e4 e5 2.Nc3 Bc5 3.Nf3 d6 4.Na4 Bb6 5.Nxb6 axb6 6.d4 exd4 7.Nxd4 Ne7 8.Bc4 Nbc6
9.O-O Na5 10.Be2 O-O 11.Bg5 f6 12.Bh4 Ng6 13.Bg3 Re8 14.Re1 Nf8 15.Bh5 g6 16.Bg4
Nc4 17.Bxc8 Rxc8 18.b3 Ne5 19.f4 Nf7 20.Qd2 Qd7 21.Rad1 c5 22.Nf3 Qc6 23.Qd3 b5
24.c4 b4 25.Qc2 Re7 26.Re2 Rce8 27.Rde1 Qc8 28.Qb2 f5 29.e5 Re6 30.exd6 Rxe2
31.Rxe2 Rxe2 32.Qxe2 Qe6 33.Qxe6 Nxe6 34.Ng5 Nfxg5 35.fxg5 Nxg5 36.d7 Ne6 37.Bc7
Kf7 38.d8=Q Nxd8 39.Bxd8 Ke6 40.Kf2 h6 41.Ke3 g5 42.h4

[Event "2. Bundesliga West 2009/20010"]
[Site "Kufstein"]
[Date "2009.11.29"]
[Round "6"]
[Board "6"]
[White "Froewis, Annika"]
[Black "Klinger, Josef Sen."]
[Result "1-0"]
[WhiteElo "1933"]
[BlackElo "1984"]
[PlyCount "85"]
[EventDate "2009.10.23"]
[EventType "team"]
[EventRounds "11"]
[EventCountry "AUT"]
[WhiteTeam "Bregenz"]
[BlackTeam "Sparkasse Schwarzach"]

1.e4 d6 2.d4 g6 3.Nc3 c6 4.Be3 Nh6 5.f3 f5 6.Qd2 Nf7 7.Bc4 b5 8.Bb3 a5 9.a4 b4
10.Nce2 d5 11.exf5 gxf5 12.Nh3 h5 13.Nef4 Qd6 14.O-O Ba6 15.Rfe1 Nd7 16.Nd3 Bh6
17.c3 Bc4 18.Bc2 b3 19.Bb1 Kd8 20.Bxh6 Rxh6 21.Ndf4 e6 22.Qf2 h4 23.g3 Kc7
24.gxh4 e5 25.dxe5 Nfxe5 26.Bxf5 Qc5 27.Qxc5 Nxf3+ 28.Kf2 Nxc5 29.Kxf3 Kd6
30.Ng5 Rf8 31.Kg4 Rhf6 32.Ng6 Rxf5 33.Nxf8 Rxf8 34.h5 Rf2 35.Kg3 Rxb2 36.h6 Bd3
37.h7 Bxh7 38.Nxh7 Ne4+ 39.Rxe4 dxe4 40.Nf6 Re2 41.Rd1+ Kc5 42.Rd4 b2 43.Nd7#

[Event "2. Bundesliga West 2009/20010"]
[Site "Kufstein"]
[Date "2009.11.29"]
[Round "6"]
[Board "1"]
[White "Medvegy, Zoltan"]
[Black "Dobosz, Henryk"]
[Result "1/2-1/2"]
[WhiteElo "2547"]
[BlackElo "2404"]
[PlyCount "142"]
[EventDate "2009.10.23"]
[EventType "team"]
[EventRounds "11"]
[EventCountry "AUT"]
[WhiteTeam "ATSV Ranshofen"]
[BlackTeam "Goetzis"]

1.d4 d5 2.c4 c6 3.Nc3 Nf6 4.e3 e6 5.Nf3 a6 6.Qc2 c5 7.cxd5 exd5 8.Be2 Nc6 9.Ne5
Be6 10.Nxc6 bxc6 11.Bd2 Qc7 12.Rc1 cxd4 13.exd4 Bd6 14.Bg5 Nd7 15.Na4 Rc8 16.h3
h6 17.Be3 O-O 18.O-O Qa7 19.Qd3 Rc7 20.Rc2 Ra8 21.Rfc1 Qb7 22.Rc3 a5 23.Rb3 Qa7
24.Rbc3 Qb7 25.a3 Kh8 26.Qd2 Nf6 27.f3 Kg8 28.Nc5 Qc8 29.Bf4 Ne8 30.Bxd6 Nxd6
31.Qf4 Ne8 32.Bf1 Raa7 33.g4 Re7 34.R1c2 Qa8 35.h4 Bc8 36.Rc1 Rac7 37.Re3 Qa7
38.Rce1 Kf8 39.Kf2 Rxe3 40.Qxe3 Be6 41.g5 hxg5 42.hxg5 Re7 43.Qe5 Qc7 44.Qxc7
Nxc7 45.Nb3 Bd7 46.Rxe7 Kxe7 47.Ke3 Ne6 48.Nxa5 Nxg5 49.Nb7 Ne6 50.Bh3 Nc7
51.Bxd7 Kxd7 52.Nc5+ Kd6 53.a4 Ne8 54.Kf4 Nc7 55.Kf5 Ne8 56.a5 Kc7 57.Na6+ Kb7
58.Nc5+ Kc7 59.Ke5 Nd6 60.Na6+ Kd7 61.Nb8+ Kc7 62.Na6+ Kd7 63.Nc5+ Kc7 64.Kf4
Nc4 65.b4 Na3 66.Na6+ Kb7 67.Nc5+ Kc7 68.Ke3 Nc2+ 69.Kd3 Ne1+ 70.Ke2 Nc2 71.Kd3
Ne1+

[Event "2. Bundesliga West 2009/20010"]
[Site "Kufstein"]
[Date "2009.11.29"]
[Round "6"]
[Board "2"]
[White "Schmidlechner, Alexander"]
[Black "Konnyu, Janos"]
[Result "1/2-1/2"]
[WhiteElo "2190"]
[BlackElo "2401"]
[PlyCount "64"]
[EventDate "2009.10.23"]
[EventType "team"]
[EventRounds "11"]
[EventCountry "AUT"]
[WhiteTeam "Goetzis"]
[BlackTeam "ATSV Ranshofen"]

1.d4 d5 2.c4 c6 3.Nf3 Nf6 4.Nc3 e6 5.Bg5 dxc4 6.e4 b5 7.e5 h6 8.Bh4 g5 9.Nxg5
hxg5 10.Bxg5 Nbd7 11.exf6 Nxf6 12.g3 Rg8 13.h4 Be7 14.Bg2 Bb7 15.Nxb5 Qb6 16.Nc3
Qxb2 17.Qc1 Qxc1+ 18.Rxc1 Nd5 19.Bxe7 Kxe7 20.Ne4 Nf4 21.Nc5 Nxg2+ 22.Kf1 Nf4
23.gxf4 Bc8 24.Ke2 Rb8 25.Rb1 Rb6 26.h5 Rh8 27.Rbg1 Ba6 28.Kd2 Rb2+ 29.Kc3 Rxa2
30.Ra1 Rxa1 31.Rxa1 Bb5 32.Rxa7+ Kf6

[Event "2. Bundesliga West 2009/20010"]
[Site "Kufstein"]
[Date "2009.11.29"]
[Round "6"]
[Board "3"]
[White "Webersberger, Johann"]
[Black "Scheffknecht, Philipp"]
[Result "1-0"]
[WhiteElo "2367"]
[BlackElo "2163"]
[PlyCount "109"]
[EventDate "2009.10.23"]
[EventType "team"]
[EventRounds "11"]
[EventCountry "AUT"]
[WhiteTeam "ATSV Ranshofen"]
[BlackTeam "Goetzis"]

1.g3 Nf6 2.Bg2 d5 3.Nf3 e6 4.c4 c6 5.d4 Be7 6.O-O O-O 7.Qc2 Nbd7 8.Nbd2 Nb6 9.b3
a5 10.a4 dxc4 11.Nxc4 Nbd5 12.Bd2 Nb4 13.Bxb4 Bxb4 14.Rfd1 h6 15.Nfe5 Qc7 16.h4
Be7 17.Rac1 Bd7 18.Qd2 Rfd8 19.Qf4 Rac8 20.Nxd7 Rxd7 21.Qxc7 Rcxc7 22.Nxa5 Ba3
23.Rb1 Nd5 24.Nc4 Bb4 25.Bxd5 cxd5 26.Ne5 Rd8 27.Rdc1 Rdc8 28.Rxc7 Rxc7 29.Nd3
Bd6 30.Rc1 Rxc1+ 31.Nxc1 Kf8 32.Kg2 Ke7 33.Kf3 Kd7 34.e4 Kc6 35.e5 Be7 36.Ke3
Kb6 37.Nd3 Ka5 38.h5 Bb4 39.g4 Bc3 40.f4 Bb4 41.f5 Be7 42.fxe6 fxe6 43.Ke2 b6
44.Nf4 Kb4 45.Nxe6 Kxb3 46.Kd3 Kxa4 47.Nc7 b5 48.Nxd5 Bh4 49.e6 b4 50.e7 Bxe7
51.Nxe7 b3 52.Nd5 b2 53.Nc3+ Kb3 54.d5 b1=Q+ 55.Nxb1

[Event "2. Bundesliga West 2009/20010"]
[Site "Kufstein"]
[Date "2009.11.29"]
[Round "6"]
[Board "4"]
[White "Laske, Erich"]
[Black "Dovzik, Juri"]
[Result "0-1"]
[WhiteElo "2076"]
[BlackElo "2365"]
[PlyCount "56"]
[EventDate "2009.10.23"]
[EventType "team"]
[EventRounds "11"]
[EventCountry "AUT"]
[WhiteTeam "Goetzis"]
[BlackTeam "ATSV Ranshofen"]

1.c4 c6 2.e4 d5 3.exd5 cxd5 4.d4 Nf6 5.Nc3 e6 6.Nf3 Be7 7.cxd5 Nxd5 8.Bd3 O-O
9.O-O Nc6 10.Bb1 b6 11.Qd3 g6 12.Bh6 Re8 13.Ne5 Nxe5 14.dxe5 Nxc3 15.Qxc3 Bb7
16.Re1 Rc8 17.Qb3 Qd4 18.Bd3 Bd5 19.Qb5 Red8 20.Rad1 Rc5 21.Bf1 Qh4 22.Qa6 Qxh6
23.Qxa7 Qf8 24.Qxb6 Rb8 25.Qa7 Rxb2 26.a4 Rcc2 27.Rc1 Bc5 28.Rxc2 Rxc2

[Event "2. Bundesliga West 2009/20010"]
[Site "Kufstein"]
[Date "2009.11.29"]
[Round "6"]
[Board "5"]
[White "Ager, Josef"]
[Black "Kranz, Armin"]
[Result "1-0"]
[WhiteElo "2214"]
[BlackElo "2111"]
[PlyCount "95"]
[EventDate "2009.10.23"]
[EventType "team"]
[EventRounds "11"]
[EventCountry "AUT"]
[WhiteTeam "ATSV Ranshofen"]
[BlackTeam "Goetzis"]

1.Nf3 Nf6 2.c4 c5 3.g3 b6 4.Bg2 Bb7 5.b3 e6 6.O-O d6 7.Bb2 a6 8.Nc3 Nbd7 9.e3
Be7 10.d4 cxd4 11.exd4 O-O 12.Re1 Re8 13.d5 e5 14.Nd2 Nc5 15.Nf1 Bf8 16.Ne3 g6
17.b4 Ncd7 18.Rc1 Rc8 19.Nb1 Nh5 20.Nd2 f5 21.Nxf5 Ndf6 22.Ne3 Bh6 23.Ne4 Rc7
24.Rc2 Bc8 25.Ba3 Nxe4 26.Bxe4 Bd7 27.Qd3 Nf6 28.Bg2 Bf8 29.c5 Bb5 30.Qb3 Rc8
31.c6 Bg7 32.Bb2 e4 33.Bh3 Rc7 34.Bd4 Qb8 35.Qb2 Rf8 36.Be6+ Kh8 37.Nc4 Bxc4
38.Rxc4 h5 39.Qd2 Re7 40.Rec1 Rxe6 41.c7 Qc8 42.dxe6 b5 43.Rc6 Kh7 44.Rxd6 Bh6
45.Be3 Bxe3 46.Qxe3 Ng4 47.Rd7+ Kg8 48.Qg5

[Event "2. Bundesliga West 2009/20010"]
[Site "Kufstein"]
[Date "2009.11.29"]
[Round "6"]
[Board "6"]
[White "Ferk, Martin"]
[Black "Sadilek, Peter"]
[Result "0-1"]
[WhiteElo "1964"]
[BlackElo "2198"]
[PlyCount "56"]
[EventDate "2009.10.23"]
[EventType "team"]
[EventRounds "11"]
[EventCountry "AUT"]
[WhiteTeam "Goetzis"]
[BlackTeam "ATSV Ranshofen"]

1.d4 Nf6 2.c4 Nc6 3.Nc3 e5 4.d5 Ne7 5.e4 Ng6 6.g3 Bc5 7.Bg2 a6 8.Nf3 d6 9.O-O
O-O 10.h3 h6 11.Rb1 Nh7 12.b4 Ba7 13.Ne1 f5 14.Qh5 Ne7 15.Nd3 Nf6 16.Qe2 Bd4
17.Rb3 Bxc3 18.Rxc3 fxe4 19.Bxe4 Nxe4 20.Qxe4 Bxh3 21.Re1 Bf5 22.Qe2 Bxd3
23.Rxd3 a5 24.f4 Ng6 25.Qg4 Qf6 26.Bb2 axb4 27.Re2 Rxa2 28.Rde3 Qf5

[Event "2. Bundesliga West 2009/20010"]
[Site "Bregenz"]
[Date "2010.01.30"]
[Round "7"]
[Board "1"]
[White "Juergens, Klaus"]
[Black "Marcelin, Cyril"]
[Result "0-1"]
[WhiteElo "2162"]
[BlackElo "2498"]
[PlyCount "150"]
[EventDate "2009.10.23"]
[EventType "team"]
[EventRounds "11"]
[EventCountry "AUT"]
[WhiteTeam "ASK Salzburg"]
[BlackTeam "Hypo Kufstein"]

1.Nf3 d5 2.g3 Bg4 3.Bg2 Nd7 4.d4 e6 5.O-O Ngf6 6.c4 c6 7.Qb3 Qb6 8.Qxb6 axb6
9.b3 Bd6 10.cxd5 exd5 11.Bf4 Bxf4 12.gxf4 Bxf3 13.Bxf3 b5 14.Nc3 Ra3 15.Rfe1 Kd8
16.Nb1 Ra7 17.a4 bxa4 18.bxa4 Kc7 19.Nc3 Nb6 20.Rec1 Ra5 21.Ra2 Rha8 22.Rca1 Ne8
23.e3 Nd6 24.Kf1 Nbc4 25.Ke1 R8a6 26.Rb1 Rb6 27.Rxb6 Kxb6 28.Ra1 Ra6 29.Be2 Ka5
30.Rb1 Rb6 31.Rxb6 Nxb6 32.Bd1 Ndc4 33.Ke2 Nb2 34.Bc2 h6 35.f3 N6xa4 36.Nxa4
Nxa4 37.e4 Nb6 38.f5 Kb4 39.Kd3 c5 40.dxc5 Kxc5 41.e5 Nc8 42.f4 b5 43.Kc3 Ne7
44.e6 fxe6 45.fxe6 g6 46.Bd3 d4+ 47.Kb3 Kd6 48.Kb4 Nd5+ 49.Kxb5 Nxf4 50.e7 Kxe7
51.Kc4 Kf6 52.Kxd4 Kg5 53.Bf1 Kg4 54.Ke3 Nh3 55.Bg2 g5 56.Bf1 h5 57.Bg2 Nf4
58.Bf1 Kh4 59.Kf3 Nh3 60.Kg2 g4 61.Ba6 Nf4+ 62.Kg1 Nh3+ 63.Kg2 Kg5 64.Bb5 Kf4
65.Be8 h4 66.Bd7 Ng5 67.Bc8 Nf3 68.Bb7 h3+ 69.Kh1 Ne5 70.Kg1 g3 71.hxg3+ Kxg3
72.Bh1 Ng4 73.Bb7 Ne3 74.Bc6 h2+ 75.Kh1 Ng4

[Event "2. Bundesliga West 2009/20010"]
[Site "Bregenz"]
[Date "2010.01.30"]
[Round "7"]
[Board "2"]
[White "Blaskowski, Johannes"]
[Black "Loeffler, Christoph"]
[Result "1-0"]
[WhiteElo "2332"]
[BlackElo "2163"]
[PlyCount "101"]
[EventDate "2009.10.23"]
[EventType "team"]
[EventRounds "11"]
[EventCountry "AUT"]
[WhiteTeam "Hypo Kufstein"]
[BlackTeam "ASK Salzburg"]

1.e4 c6 2.d4 d5 3.exd5 cxd5 4.c4 Nf6 5.Nc3 g6 6.cxd5 Bg7 7.Qb3 O-O 8.Nge2 Nbd7
9.Nf4 Qb6 10.Be3 Qxb3 11.axb3 Nb6 12.Ra5 Bf5 13.Bd3 Bxd3 14.Nxd3 Rfd8 15.Nc5
Nbxd5 16.Nxb7 Rdb8 17.Nc5 e6 18.Kd2 Bf8 19.Kc2 Nb4+ 20.Kb1 Nbd5 21.Kc2 Nb4+
22.Kd2 Nbd5 23.Ra3 Rd8 24.Rha1 Nxe3 25.Kxe3 e5 26.N3a4 Rxd4 27.b4 Nd5+ 28.Ke2
Nf4+ 29.Kf3 Rxb4 30.g3 Nh3 31.Kg2 Ng5 32.Re3 f6 33.Nd7 Kg7 34.Nab6 Bc5 35.Nxa8
Bxe3 36.fxe3 Rxb2+ 37.Kf1 Nf3 38.Rxa7 Nxh2+ 39.Ke1 Nf3+ 40.Kd1 Kh6 41.Nxf6 Kg5
42.Ne4+ Kf5 43.Ra4 Kg4 44.Nc7 Kh3 45.Ne6 h5 46.Ra7 g5 47.Rh7 h4 48.N6xg5+ Nxg5
49.Rxh4+ Kg2 50.Nxg5 Kxg3 51.Re4

[Event "2. Bundesliga West 2009/20010"]
[Site "Bregenz"]
[Date "2010.01.30"]
[Round "7"]
[Board "3"]
[White "Navratil, Robert"]
[Black "Neuschmied, Siegfried"]
[Result "0-1"]
[WhiteElo "2112"]
[BlackElo "2282"]
[PlyCount "126"]
[EventDate "2009.10.23"]
[EventType "team"]
[EventRounds "11"]
[EventCountry "AUT"]
[WhiteTeam "ASK Salzburg"]
[BlackTeam "Hypo Kufstein"]

1.e4 d6 2.Nc3 g6 3.d4 Bg7 4.Be3 c6 5.Qd2 b5 6.f3 Nd7 7.d5 b4 8.dxc6 bxc3 9.cxd7+
Bxd7 10.bxc3 Qa5 11.Bd4 Nf6 12.Bd3 O-O 13.Ne2 e5 14.Be3 Be6 15.O-O Rfc8 16.Bh6
Bh8 17.Kh1 d5 18.Qe1 Rab8 19.Bd2 Qa4 20.Ng3 Nd7 21.f4 exf4 22.Rxf4 Qa3 23.Ne2
Nc5 24.exd5 Bxd5 25.Nd4 Qb2 26.Nf3 Bg7 27.a4 Ne6 28.Rg4 h5 29.Rg3 Bxc3 30.Bxc3
Qxc3 31.Qxc3 Rxc3 32.Ne5 Nf4 33.Nd7 Rd8 34.Nf6+ Kg7 35.Nxd5 Rxd5 36.Be4 Rdc5
37.Rxc3 Rxc3 38.g3 Ne6 39.Ra2 a5 40.Rb2 Nc5 41.Bc6 Na6 42.Rb6 Nb4 43.Bb7 Nxc2
44.Rb5 Ne3 45.Kg1 Rc1+ 46.Kf2 Ng4+ 47.Ke2 Rc2+ 48.Kd3 Rxh2 49.Rxa5 Rh3 50.Rb5
Rxg3+ 51.Ke4 Nf6+ 52.Ke5 Ra3 53.a5 h4 54.a6 h3 55.Kd6 h2 56.Rb1 g5 57.Kc7 g4
58.Kb6 Nd7+ 59.Kb5 g3 60.Rd1 Nb8 61.Rd3 Rxd3 62.a7 Rb3+ 63.Kc4 Rxb7

[Event "2. Bundesliga West 2009/20010"]
[Site "Bregenz"]
[Date "2010.01.30"]
[Round "7"]
[Board "4"]
[White "Rusche, Johannes"]
[Black "Besner, Bernhard"]
[Result "1/2-1/2"]
[WhiteElo "2170"]
[BlackElo "2150"]
[PlyCount "99"]
[EventDate "2009.10.23"]
[EventType "team"]
[EventRounds "11"]
[EventCountry "AUT"]
[WhiteTeam "Hypo Kufstein"]
[BlackTeam "ASK Salzburg"]

1.e4 d5 2.exd5 Qxd5 3.Nc3 Qa5 4.d4 Nf6 5.Nf3 Bg4 6.h3 Bh5 7.g4 Bg6 8.Ne5 e6
9.Bd2 Nbd7 10.Nc4 Qa6 11.Qf3 Bb4 12.g5 Bxc3 13.gxf6 Bxd4 14.fxg7 Bxg7 15.Bc3
Bxc3+ 16.Qxc3 O-O-O 17.Bg2 Nc5 18.Qb4 Ne4 19.O-O c5 20.Qb3 Rd4 21.Ne5 Nd2 22.Qc3
Qd6 23.Nxg6 hxg6 24.Rfd1 Rd8 25.Rdc1 e5 26.b4 c4 27.Qe3? f6 28.c3 Rd3 29.Qxa7
Nf3+ 30.Bxf3 Rxf3 31.Rd1 Rd3 32.Rxd3 cxd3 33.b5 Qb8 34.Qb6 Rd6 35.Qc5+ Qc7
36.Qb4 b6 37.a4 Qc5 38.Qb3 Qd5 39.c4 Qd4 40.Rd1 e4 41.c5 Qxc5 42.Qg8+ Kb7
43.Qf7+ Qc7 44.Qxg6 Qe7 45.Kf1 Rd4 46.Qf5 Rxa4 47.Qd5+ Ka7 48.Rc1 Kb8 49.Qg8+
Ka7 50.Qc8

[Event "2. Bundesliga West 2009/20010"]
[Site "Bregenz"]
[Date "2010.01.30"]
[Round "7"]
[Board "5"]
[White "Scheiblmaier, Robert"]
[Black "Englert, Jan"]
[Result "1-0"]
[WhiteElo "2095"]
[BlackElo "2146"]
[PlyCount "77"]
[EventDate "2009.10.23"]
[EventType "team"]
[EventRounds "11"]
[EventCountry "AUT"]
[WhiteTeam "ASK Salzburg"]
[BlackTeam "Hypo Kufstein"]

1.d4 d6 2.c4 e5 3.e3 Nd7 4.Nf3 Ngf6 5.Nc3 Be7 6.Be2 O-O 7.O-O c6 8.Qc2 Qc7 9.b3
Re8 10.Bb2 Bf8 11.Rac1 b6 12.Rfd1 a6 13.a4 Bb7 14.Qb1 Rad8 15.d5 cxd5 16.Nxd5
Nxd5 17.cxd5 Qb8 18.e4 Rc8 19.b4 Rxc1 20.Bxc1 Rc8 21.Be3 Be7 22.Rc1 Rxc1+
23.Qxc1 Qc8 24.Qxc8+ Bxc8 25.Nd2 Bd8 26.Nc4 Bc7 27.Bg4 Kf8 28.Bxd7 Bxd7 29.Bxb6
Bb8 30.Nb2 Ke7 31.f3 Bc8 32.Kf2 Kd7 33.Ke3 Bc7 34.Nc4 Bb7 35.Kd2 f5 36.Bxc7 Kxc7
37.b5 fxe4 38.fxe4 axb5 39.axb5

[Event "2. Bundesliga West 2009/20010"]
[Site "Bregenz"]
[Date "2010.01.30"]
[Round "7"]
[Board "1"]
[White "Prusikin, Michael"]
[Black "Deglmann, Ludwig"]
[Result "1-0"]
[WhiteElo "2534"]
[BlackElo "2329"]
[PlyCount "81"]
[EventDate "2009.10.23"]
[EventType "team"]
[EventRounds "11"]
[EventCountry "AUT"]
[WhiteTeam "Wuestenrot Sbg SIR"]
[BlackTeam "Sparkasse Jenbach II"]

1.d4 f5 2.e4 fxe4 3.Nc3 Nf6 4.Bg5 Nc6 5.d5 Ne5 6.Qe2 Nf7 7.Bxf6 gxf6 8.Nxe4 e6
9.O-O-O Qe7 10.dxe6 dxe6 11.Qb5+ c6 12.Qh5 Bh6+ 13.Kb1 O-O 14.Qh4 Bg7 15.Nf3 Re8
16.Be2 f5 17.Qxe7 Rxe7 18.Nd6 b5 19.Rhe1 Bd7 20.Nxf7 Kxf7 21.Ng5+ Kg6 22.f4 h6
23.Nf3 c5 24.Bf1 Rc8 25.Ne5+ Bxe5 26.Rxe5 Kf6 27.Be2 Rc7 28.Rd6 Rg7 29.Bf3 Ke7
30.Ra6 Bc8 31.Ra5 Bd7 32.a4 bxa4 33.Rexc5 Rxc5 34.Rxc5 Kd6 35.Ra5 Bc8 36.Rxa4 e5
37.fxe5+ Kxe5 38.g3 Rd7 39.Kc1 a6 40.Ra5+ Kf6 41.Rc5

[Event "2. Bundesliga West 2009/20010"]
[Site "Bregenz"]
[Date "2010.01.30"]
[Round "7"]
[Board "2"]
[White "Micheli, Carlo"]
[Black "Bromberger, Stefan"]
[Result "0-1"]
[WhiteElo "2293"]
[BlackElo "2510"]
[PlyCount "75"]
[EventDate "2009.10.23"]
[EventType "team"]
[EventRounds "11"]
[EventCountry "AUT"]
[WhiteTeam "Sparkasse Jenbach II"]
[BlackTeam "Wuestenrot Sbg SIR"]

1.e4 c5 2.Nf3 d6 3.d4 cxd4 4.Nxd4 Nf6 5.Nc3 a6 6.h3 g6 7.Be3 Bg7 8.g4 O-O 9.Bg2
Nc6 10.Nde2 Bd7 11.f4 b5 12.a3 Rc8 13.g5 Nh5 14.Bf3 Na5 15.Qd3 Nc4 16.Bc1 f5
17.b3 Nb6 18.Bxh5 gxh5 19.Bb2 fxe4 20.Qxe4 Bf5 21.Qe3 Bxc2 22.Nd4 Bxd4 23.Qxd4
e5 24.Qd2 Bxb3 25.fxe5 dxe5 26.Qxd8 Rcxd8 27.Rh2 Bc4 28.Ne2 Nd5 29.O-O-O Ne3
30.Rxd8 Rxd8 31.Nc3 Bd3 32.Rd2 Nc4 33.Rd1 Nxb2 34.Kxb2 Rd4 35.Re1 e4 36.Ne2 Bxe2
37.Rxe2 h4 38.Kc3

[Event "2. Bundesliga West 2009/20010"]
[Site "Bregenz"]
[Date "2010.01.30"]
[Round "7"]
[Board "3"]
[White "Pitl, Gregory"]
[Black "Kleissl, Helmut"]
[Result "1-0"]
[WhiteElo "2405"]
[BlackElo "2271"]
[PlyCount "53"]
[EventDate "2009.10.23"]
[EventType "team"]
[EventRounds "11"]
[EventCountry "AUT"]
[WhiteTeam "Wuestenrot Sbg SIR"]
[BlackTeam "Sparkasse Jenbach II"]

1.d4 d6 2.e4 Nf6 3.Nc3 Nbd7 4.g4 h6 5.Be3 e5 6.f3 c6 7.Qd2 exd4 8.Bxd4 b5
9.O-O-O Be7 10.Kb1 a5 11.h4 a4 12.Nh3 b4 13.Ne2 b3 14.g5 Nh5 15.f4 Nb6 16.Qc3
bxc2+ 17.Qxc2 Qc7 18.Rg1 Bxh3 19.Bxh3 hxg5 20.hxg5 c5 21.e5 Ra7 22.exd6 Bxd6
23.Bc3 O-O 24.Bg4 Nxf4 25.Nxf4 Bxf4 26.Rh1 f5 27.gxf6

[Event "2. Bundesliga West 2009/20010"]
[Site "Bregenz"]
[Date "2010.01.30"]
[Round "7"]
[Board "4"]
[White "Schnegg, Daniel"]
[Black "Grafl, Florian"]
[Result "0-1"]
[WhiteElo "2092"]
[BlackElo "2426"]
[PlyCount "70"]
[EventDate "2009.10.23"]
[EventType "team"]
[EventRounds "11"]
[EventCountry "AUT"]
[WhiteTeam "Sparkasse Jenbach II"]
[BlackTeam "Wuestenrot Sbg SIR"]

1.e4 d5 2.exd5 Qxd5 3.Nc3 Qd6 4.d4 Nf6 5.Bc4 a6 6.Nge2 b5 7.Bd3 Bb7 8.f3 Nbd7
9.Ne4 Qb6 10.c3 e5 11.Nxf6+ Qxf6 12.O-O exd4 13.Nxd4 Ne5 14.Re1 O-O-O 15.Bf5+
Kb8 16.Be4 Bc5 17.Qe2 Bxe4 18.Qxe4 Nc6 19.Bg5 Bxd4+ 20.cxd4 Qxd4+ 21.Qxd4 Rxd4
22.Rac1 Kb7 23.Re2 Rc8 24.a3 f6 25.Rec2 Na5 26.Be3 Rc4 27.Bd2 Rxc2 28.Rxc2 Nc4
29.Bf4 Nb6 30.Rd2 Re8 31.Kf2 Re7 32.Rd8 Rd7 33.Rh8 h6 34.Rg8 Nc4 35.Bc1 Ne5